000
00288nam a22001337a 4500
008
181217b xxu||||| |||| 00| 0 eng d
020
_a
9781607148326
041
_a
eng
080
_a
341
100
_a
14
101
_a
JUR
245
_a
Get Into Law School
_c
Ruth.L
942
_2
udc
_c
BK
999
_c
53261
_d
53261